Weed control under early wet season condition on ir 66 rice varieties in royal university of agriculture, វិធានការគ្រប់គ្រងស្មៅចង្រៃលើពូជស្រុវអ៊ីអ៊ែរ ៦៦​ក្នុងលក្ខខណ្ឌដើមរដូវវស្សា នៃសាកលវិទ្យាល័យភូមិន្ទកសិកម្ម (Record no. 1694)

000 -LEADER
fixed length control field 00766nam a22001337a 4500
040 ## - CATALOGING SOURCE
Transcribing agency RUA
082 ## - DEWEY DECIMAL CLASSIFICATION NUMBER
Classification number AGR HEN 2012 B050 Or.1
100 ## - MAIN ENTRY--AUTHOR NAME
Personal name HENG, SOVANROTH
245 ## - TITLE STATEMENT
Title Weed control under early wet season condition on ir 66 rice varieties in royal university of agriculture, វិធានការគ្រប់គ្រងស្មៅចង្រៃលើពូជស្រុវអ៊ីអ៊ែរ ៦៦​ក្នុងលក្ខខណ្ឌដើមរដូវវស្សា នៃសាកលវិទ្យាល័យភូមិន្ទកសិកម្ម
260 ## - PUBLICATION, DISTRIBUTION, ETC. (IMPRINT)
Place of publication Phnom Penh
Name of publisher RUA
Year of publication 2012
300 ## - PHYSICAL DESCRIPTION
Number of Pages viii; 44p.
Other physical details ill.
Dimensions 29cm.
856 ## - ELECTRONIC LOCATION AND ACCESS
Uniform Resource Identifier https://drive.google.com/file/d/1MdG7jebR40OiF6vK7EHwSOKGN3gBhJSI/view?usp=sharing
942 ## - ADDED ENTRY ELEMENTS (KOHA)
Koha item type AGR
952 ## - LOCATION AND ITEM INFORMATION (KOHA)
Withdrawn status [LOCAL, KOHA] 0
952 ## - LOCATION AND ITEM INFORMATION (KOHA)
Withdrawn status [LOCAL, KOHA] 0
952 ## - LOCATION AND ITEM INFORMATION (KOHA)
Withdrawn status [LOCAL, KOHA] 0
Holdings
Permanent Location Date acquired Koha item type Lost status Shelving location Barcode Current Location Full call number
Library Block B2015-10-02AGR B050`RUA000468Library Block BAGR HEN 2012 B050 Or.1
Library Block B2015-10-02AGR B050RUA000613Library Block BAGR HEN 2012 B050 Or.2
Library Block B2015-10-02AGR B050RUA000468Library Block BAGR HEN 2012 B050 Or.3
មជ្ឈមណ្ឌលឯការនៃសាកលវិទ្យាល័យភូមិន្ទកសិកម្មចំការដូង

Powered by Koha